000 00480nam a22001697a 4500
999 _c27024
_d27024
003 BDDh-ASL
005 20231015030720.0
008 211022s1874 ii ||||| |||| 00| 0 u d
040 _aBDDh-ASL
_cBDDh-ASL
082 _a297.3
_bSHM
100 1 _95314
_aShikrapuri, Ulfat Hussain
245 1 0 _aMana Tabarra : / منع تبرا
260 _aDelhi :
_bYusufi Press ,
_c1296 H. / 1874.
300 _a24 p. :
_c25 cm.
650 0 _95142
_a Islamic Discourse
942 _2ddc
_cBK